[Event "Round 3, Table 7"]
[Site "Kuala Lumpur MAS"]
[Date "2007.08.21"]
[Round "3"]
[White "IM Bancod, Ronald"]
[Black "GM Adianto, Utut"]
[Result "1-0"]
[WhiteElo "2373"]
[BlackElo "2583"]
[PlyCount "137"]
[EventDate "2007.08.21"]
[SourceDate "2007.08.20"]

1. d4 Nf6 2. Nf3 d5 3. Bf4 c5 4. e3 Nc6 5. c3 Qb6 6. Qb3 c4 7. Qc2 Bf5 8. Qc1
e6 9. Nbd2 h6 10. Be2 Qa5 11. b4 Qd8 12. O-O Be7 13. Bd1 O-O 14. Bc2 b5 15.
Bxf5 exf5 16. a4 a6 17. Ne5 Nxe5 18. dxe5 Ne4 19. axb5 axb5 20. Nf3 Qd7 21. Nd4
Rxa1 22. Qxa1 Nd2 23. Rd1 Nb3 24. Nxb3 cxb3 25. Qb2 Rc8 26. Qxb3 Rc4 27. Bg3
Qc6 28. h4 Rxc3 29. Qxd5 Bxb4 30. Qxc6 Rxc6 31. Rb1 Rc4 32. h5 Kf8 33. e6 Ke7
34. exf7 Kxf7 35. Be5 g6 36. hxg6+ Kxg6 37. g3 Kf7 38. Kg2 h5 39. Kf3 Ke6 40.
Bd4 Bc5 41. Rxb5 Bxd4 42. exd4 Rxd4 43. Rb6+ Ke5 44. Rh6 Rd3+ 45. Kg2 Ra3 46.
f4+ Kd4 47. Rd6+ Kc4 48. Kh3 Ra1 49. Rf6 Kd4 50. Rxf5 Ke4 51. Rxh5 Kf3 52. Kh4
Ra8 53. Rb5 Rh8+ 54. Kg5 Rg8+ 55. Kf6 Rxg3 56. f5 Kg4 57. Kg6 Kf4+ 58. Kf7 Rg5
59. Kf6 Kg4 60. Rb4+ Kh5 61. Rb1 Rg2 62. Rh1+ Kg4 63. Rh8 Rf2 64. Rg8+ Kf4 65.
Rg1 Ra2 66. Kg6 Ra8 67. Rf1+ Ke5 68. f6 Rg8+ 69. Kh7 1-0

[Event "Round 1, Table 6"]
[Site "?"]
[Date "2007.08.20"]
[Round "1"]
[White "Illingworth, Max"]
[Black "Li Chao"]
[Result "1/2-1/2"]
[WhiteElo "2137"]
[BlackElo "2529"]
[PlyCount "115"]
[EventDate "2007.??.??"]
[SourceDate "2007.08.20"]

1. d4 Nf6 2. c4 g6 3. Nc3 d5 4. Bg5 Ne4 5. cxd5 Nxc3 6. bxc3 Qxd5 7. Nf3 Bg7 8.
e3 c5 9. Qb3 Qxb3 10. axb3 Be6 11. Nd2 Nc6 12. Be2 O-O 13. Bf3 cxd4 14. cxd4 f6
15. Bh4 g5 16. Bg3 f5 17. Bxc6 bxc6 18. Be5 Bxe5 19. dxe5 Rfb8 20. Ke2 Bxb3 21.
Rhb1 Bd5 22. Rxb8+ Rxb8 23. Rxa7 Kf7 24. f3 Rb6 25. Kd3 g4 26. Ra4 h5 27. h3 g3
28. e4 fxe4+ 29. fxe4 Be6 30. Ra3 Bc8 31. Kc2 h4 32. Nf3 Rb4 33. Re3 c5 34.
Nxh4 Bb7 35. Rxg3 Bxe4+ 36. Kc3 Bd5 37. Nf3 Rb3+ 38. Kc2 c4 39. Ng5+ Kg6 40.
Ne4+ Rxg3 41. Nxg3 Kg5 42. Kc3 Kf4 43. Nf1 Bxg2 44. Nd2 Bxh3 45. Kxc4 Kxe5 46.
Kd3 Kf4 47. Ke2 Bd7 48. Ke1 Bb5 49. Nb3 Ke3 50. Nc5 Bc4 51. Na4 Kd4 52. Kd2 e5
53. Nc3 Bb3 54. Ne2+ Ke4 55. Nc3+ Kf4 56. Ne2+ Kf3 57. Nc3 Bc4 58. Nd1 1/2-1/2

[Event "Round 2, Table 4"]
[Site "?"]
[Date "2007.08.20"]
[Round "?"]
[White "GM Dao Thien Hai"]
[Black "IM Mas Hafizulhelmi"]
[Result "0-1"]
[WhiteElo "2537"]
[BlackElo "2372"]
[PlyCount "120"]
[EventDate "2007.??.??"]
[SourceDate "2007.08.20"]

1. d4 d6 2. c4 e5 3. Nf3 e4 4. Ng5 f5 5. g3 Be7 6. Nh3 Nf6 7. Nc3 c6 8. Bg2 O-O
9. O-O Na6 10. f3 Be6 11. d5 Qb6+ 12. Kh1 exf3 13. exf3 Bd7 14. Nf4 Rfe8 15. b3
Nc5 16. Be3 Qc7 17. Qd2 a5 18. Rad1 Na6 19. h4 g6 20. dxc6 bxc6 21. Bd4 Rf8 22.
Rfe1 Qd8 23. Kh2 Rf7 24. Na4 c5 25. Bxf6 Bxf6 26. Qxd6 Bxa4 27. bxa4 Qxd6 28.
Rxd6 Nb4 29. Ne6 Ra6 30. Rxa6 Nxa6 31. Rb1 f4 32. Rb6 fxg3+ 33. Kxg3 Ra7 34. f4
Kf7 35. Bd5 Ke7 36. a3 Bc3 37. Kg4 Nc7 38. Nxc5 Bd4 39. Rc6 Bb2 40. Bg8 Ne8 41.
Kf3 Kf8 42. Bd5 Bxa3 43. Ne6+ Ke7 44. Ng5 Kd8 45. Rb6 Nd6 46. Rb8+ Kc7 47. Rh8
Kb6 48. Ne6 Re7 49. Rd8 Nf5 50. Rc8 Rxe6 51. c5+ Bxc5 52. Bxe6 Nd4+ 53. Ke4
Nxe6 54. Kd5 Nxf4+ 55. Ke5 Nd3+ 56. Kd5 Nb4+ 57. Kc4 Nc6 58. Rh8 h5 59. Re8 Ne7
60. Rf8 Bb4 {Diagram # time} 0-1

[Event "Round 3, Table 1"]
[Site "Kuala Lumpur MAS"]
[Date "2007.08.21"]
[Round "3"]
[White "GM Chandler, Murray"]
[Black "WGM Li Ruofan"]
[Result "0-1"]
[WhiteElo "2540"]
[BlackElo "2417"]
[PlyCount "92"]
[EventDate "2007.08.21"]
[SourceDate "2007.08.20"]

1. e4 e5 2. Nf3 Nc6 3. Nc3 Nf6 4. Bb5 Nd4 5. O-O Nxb5 6. Nxb5 c6 7. Nc3 d6 8.
d4 Qc7 9. h3 Be7 10. a4 O-O 11. Re1 Re8 12. a5 h6 13. Be3 Be6 14. Qd3 c5 15.
Nb5 Qb8 16. d5 Bd7 17. c4 a6 18. Nc3 b5 19. axb6 a5 20. Ra2 Bd8 21. Rea1 Bxb6
22. Nd2 Re7 23. Nb3 Be8 24. Bc1 Rea7 25. Nd2 Bd8 26. Nf1 Rb7 27. Ne3 Bd7 28.
Qe2 Qc8 29. Ra3 Ne8 30. Qh5 Nf6 31. Qf3 Rb4 32. Ne2 Rab8 33. Ng3 Rb3 34. Qd1
Rxa3 35. Rxa3 g6 36. Qf3 Nh7 37. Nd1 Kg7 38. Bd2 a4 39. Bc3 Qa6 40. Qe2 Ba5 41.
Kh2 Bb4 42. Ra2 Qb6 43. Nf1 Bxc3 44. Nxc3 Qb3 45. Ne3 Nf6 46. Qd3 Rb4 0-1

[Event "Round 3, Table 2"]
[Site "Kuala Lumpur MAS"]
[Date "2007.08.21"]
[Round "3"]
[White "GM Nguyen Anh Dung"]
[Black "IM Nadera, Barlo A"]
[Result "0-1"]
[WhiteElo "2537"]
[BlackElo "2402"]
[PlyCount "58"]
[EventDate "2007.08.21"]
[SourceDate "2007.08.20"]

1. d4 d5 2. c4 e6 3. Nc3 Nf6 4. Bg5 Be7 5. e3 c6 6. Nf3 Nbd7 7. Bd3 h6 8. Bh4
b6 9. O-O Bb7 10. Qe2 O-O 11. Rac1 c5 12. cxd5 Nxd5 13. Bg3 cxd4 14. Nxd5 Bxd5
15. Nxd4 Nc5 16. Bb1 Rc8 17. f3 Qd7 18. Rfd1 Qa4 19. b3 Qa3 20. Qc2 g6 21. Nb5
Qa5 22. Nc7 Bb7 23. Rd4 Na6 24. Ra4 Qh5 25. Qe2 Nxc7 26. Rxa7 Nd5 27. Rxc8 Bxc8
28. Bd3 Bc5 29. Bf2 Qe5 {Diagram #} 0-1

[Event "Round 5, Table 5"]
[Site "Kuala Lumpur MAS"]
[Date "2007.08.22"]
[Round "?"]
[White "GM Nguyen Anh Dung"]
[Black "Wan Yunguo"]
[Result "0-1"]
[WhiteElo "2537"]
[BlackElo "2386"]
[PlyCount "70"]
[EventDate "2007.??.??"]
[SourceDate "2007.08.20"]

1. d4 Nf6 2. Nf3 g6 3. Bg5 Bg7 4. Nbd2 O-O 5. e4 d5 6. Bd3 dxe4 7. Nxe4 Nxe4 8.
Bxe4 c5 9. c3 cxd4 10. Nxd4 Nd7 11. O-O h6 12. Bh4 Qb6 13. Re1 Nf6 14. Bf3 Qxb2
15. Rxe7 g5 16. Bg3 g4 17. Rb1 Qxc3 18. Nb5 Qa5 19. Bxb7 Bxb7 20. Rxb7 Rad8 21.
Qb3 Qd2 22. h3 gxh3 23. Rxa7 Rd3 24. Qb4 Qc2 25. Rc7 {Diagram #} Rd1+ 26. Rxd1
Qxd1+ 27. Kh2 Ng4+ 28. Kxh3 h5 29. Bf4 Nxf2+ 30. Kh2 Ng4+ 31. Kh3 Qd3+ 32. Kh4
Bf6+ 33. Bg5 Be5 34. Qb3 Bg3+ 35. Kxh5 Nf6+ {Diagram #} 0-1

[Event "Round 7, Table 12"]
[Site "Kuala Lumpur MAS"]
[Date "2007.08.24"]
[Round "?"]
[White "FM Lim Yee Weng"]
[Black "GM Adianto, Utut"]
[Result "1-0"]
[WhiteElo "2336"]
[BlackElo "2583"]
[PlyCount "157"]
[EventDate "2007.??.??"]
[SourceDate "2007.08.20"]

1. e4 d5 2. exd5 Nf6 3. Bb5+ Bd7 4. Be2 Nxd5 5. d4 Bf5 6. Nf3 e6 7. a3 Be7 8.
O-O O-O 9. c4 Nb6 10. Nc3 Bf6 11. h3 Nc6 12. Be3 Bg6 13. b4 a6 14. Qb3 Nxd4 15.
Bxd4 Bxd4 16. Rad1 e5 17. c5 Nd7 18. Nxd4 exd4 19. Rxd4 Qe7 20. Bg4 Nf6 21. Nd5
Qe5 22. Rfd1 Nxd5 23. Rxd5 Qf6 24. Rd7 Rac8 25. Qf3 Qg5 26. Qxb7 Bc2 27. R1d2
h5 28. R7d5 f5 29. Rxc2 hxg4 30. hxg4 Qxg4 31. Rd7 Rce8 32. Qd5+ Kh7 33. Qd1
Qg5 34. Rc3 Re4 35. Rh3+ Rh4 36. Rdd3 Rxh3 37. Rxh3+ Kg8 38. Qd5+ Rf7 39. Re3
Qf6 40. Qe5 Qg5 41. Qe8+ Rf8 42. Qe6+ Rf7 43. Qxa6 f4 44. Qc8+ Kh7 45. Rh3+ Kg6
46. Qe6+ Rf6 47. Qe8+ Rf7 48. Qe4+ Rf5 49. Rf3 Kh7 50. Qe8 Rf6 51. Rh3+ Rh6 52.
Qe4+ Kg8 53. Qe8+ Kh7 54. Qe4+ Kg8 55. Rxh6 Qxh6 56. Qc4+ Kh8 57. Qd3 Qf6 58.
Qf3 Qe5 59. Kh2 g5 60. g3 Kg7 61. Kg2 fxg3 62. Qxg3 Qe4+ 63. Kh2 Qh7+ 64. Qh3
Qc2 65. Qd7+ Kf6 66. Qc6+ Kf5 67. Kg3 Qc1 68. Qf3+ Kg6 69. Kg2 Qc4 70. Qc6+ Kf5
71. Qxc7 Qe4+ 72. Kh2 Qd4 73. Qg3 g4 74. c6 Qc4 75. c7 Qc6 76. b5 Qh6+ 77. Kg2
Qe6 78. Qd3+ Kf6 79. Qc3+ {Diagram #} 1-0